banner-ar

ملك شجرة الرومان : حكايات المسلمين الصينيين (هدية من الاديب عبدالفتاح الجمل) / (Record no. 39908)

MARC details
000 -الفاتح
حقل البيانات ثابتة الطول 00731nam a2200193Ia 4500
008 - عناصر البيانات ثابتة الطول - معلومات عامة
حقل البيانات ثابتة الطول 140319s9999 xx 000 0 ara d
040 ## - مصدر الفهرسة
وكالة الفهرسة الأصلية GCL /
وكالة النسخ GCL
082 04 - رقم تصنيف ديوى العشرى
رقم التصنيف 895.1
رقم المادة ر م
100 1# - المدخل الرئيسى - إسم شخصى
الإسم الشخصى روتشى، تشانغ
245 10 - بيان العنوان
العنوان ملك شجرة الرومان : حكايات المسلمين الصينيين (هدية من الاديب عبدالفتاح الجمل) /
بيان المسئوليه,etc روتشى، تشانغ
700 1# - المدخل الاضافى - اسم شخصى
الإسم الشخصى محمد ابوجراد
490 ## - بيان السلسلة
عنوان السلسلة سلسلة كتب العنقاء
رقم المجلد/ التعيين التسلسلي 0
650 04 - المدخل الاضافى بالموضوع-مصطلح موضوعى
مصطلح موضوعي القصص القصيرة
650 04 - المدخل الاضافى بالموضوع-مصطلح موضوعى
مصطلح موضوعي الادب الصينى المترجم
650 04 - المدخل الاضافى بالموضوع-مصطلح موضوعى
مصطلح موضوعي الادب العالمى المترجم
650 04 - المدخل الاضافى بالموضوع-مصطلح موضوعى
مصطلح موضوعي القصص الصينية القصيرة
942 ## - عناصر المدخل الإضافي( كوها)
مصدر التصنيف او مخطط الترفيف Dewey Decimal Classification
Koha [default] item type كتاب
Holdings
حالة التراجع حالة الفقد حالة تلف ليس للاعارة المكان المؤقت الموقع الحالى تاريخ الاكتساب اجمالي اﻻعارات رقم الطلب الباركود تاريخ اخر مشاهدة تاريخ تفعيل السعر نوع وعاء كوها
        مكتبة القاهرة الكبرى مكتبة القاهرة الكبرى 03/26/2014   895.1\ر م 97216 03/26/2014 03/26/2014 كتاب

Powered By

EGPV